Logonautas : lengua y prácticas del lenguaje 1 /

Guardado en:
Autor Principal: Nieto, Facundo
Otros Autores: Caputo, Elías, Fraguas, José, Cassano, Mirta, Bertolot, Paola, Pereira, Paola
Formato: Libro
Publicado: Buenos Aires : Puerto de Palos, 2008
Materias:
Etiquetas: Agregar Etiqueta
Sin Etiquetas, Sea el primero en etiquetar este registro!
LEADER 01010nam a22002895a 4500
001 CEM.cems013193
005 20091020094509.0
008 130507s2008##################000#0#####d
003 CEMS
020 |a 9789875472983 
082 0 4 |a Z468 
100 1 |a Nieto, Facundo 
245 1 0 |a Logonautas :  |b lengua y prácticas del lenguaje 1 /  |c Facundo Nieto ... [et Al.] 
260 |a Buenos Aires :  |b Puerto de Palos,  |c 2008 
300 |a 272 p. 
500 |a Equivalente a 7º E. P. / 1º Esb 
505 0 |a El mito -- La noticia y la crónica -- El cuento de terror -- El texto expositivo -- La carta -- La argumentación -- La poesía -- El instructivo -- La ciencia ficción -- El teatro 
653 |a Lengua 
653 |a Lengua-7mo. egb 
653 |a Lengua-7mo. ep 
653 |a Lengua-1ro. esb 
700 1 |a Caputo, Elías 
700 1 |a Fraguas, José 
700 1 |a Cassano, Mirta 
700 1 |a Bertolot, Paola 
700 1 |a Pereira, Paola 
859 |a CEMS  |b BIB. CEMS - 11 de abril  |h Z468  |i N558  |p 25659.09  |t Ej.1  |v 1  |3 1